header

A Gardner's workout (Record no. 133539)

MARC details
000 -LEADER
fixed length control field 01123nam a22002894a 4500
082 04 - DEWEY DECIMAL CLASSIFICATION NUMBER
Classification number 793.7/4
100 1# - MAIN ENTRY--AUTHOR NAME
Personal name Gardner, Martin,
245 12 - TITLE STATEMENT
Title A Gardner's workout
260 ## - PUBLICATION, DISTRIBUTION, ETC. (IMPRINT)
Place of publication Natick, Mass. :
Name of publisher A.K Peters,
Year of publication 2001.
300 ## - PHYSICAL DESCRIPTION
Number of Pages xi, 319 p. :
Other physical details ill.
650 #0 - SUBJECT ADDED ENTRY--TOPICAL TERM
Topical Term Mathematical recreations.
856 40 - ELECTRONIC LOCATION AND ACCESS
Uniform Resource Identifier http://site.ebrary.com/lib/rucke/Doc?id=10159711

No items available.

© 2026 Rongo University
Contact us: librarian | system librarian | Rongo university